Materials science and engineering (Record no. 29311)

MARC details
000 -LEADER
fixed length control field 02159nam a2200265Ia 4500
003 - CONTROL NUMBER IDENTIFIER
control field OSt
005 - DATE AND TIME OF LATEST TRANSACTION
control field 20250811120411.0
008 - FIXED-LENGTH DATA ELEMENTS--GENERAL INFORMATION
fixed length control field 220909b |||||||| |||| 00| 0 eng d
020 ## - INTERNATIONAL STANDARD BOOK NUMBER
International Standard Book Number 8126508132
037 ## - SOURCE OF ACQUISITION
Terms of availability Textual
040 ## - CATALOGING SOURCE
Original cataloging agency CSL
Language of cataloging eng
Transcribing agency CSL
041 ## - LANGUAGE CODE
Language code of text/sound track or separate title eng
084 ## - COLON CLASSIFICATION NUMBER
Classification number C211 P3
Assigning agency CSL
100 ## - MAIN ENTRY--PERSONAL NAME
Personal name Callister, William D.
Titles and words associated with a name Jr.
9 (RLIN) 817654
245 #0 - TITLE STATEMENT
Title Materials science and engineering
Remainder of title : An introduction
250 ## - EDITION STATEMENT
Edition statement 6th ed.
260 ## - PUBLICATION, DISTRIBUTION, ETC.
Place of publication, distribution, etc. India:
Name of publisher, distributor, etc. John Wiley & Sons,
Date of publication, distribution, etc. 2003.
300 ## - PHYSICAL DESCRIPTION
Extent xxi, 820p.
Other physical details : ill.
500 ## - GENERAL NOTE
General note Appendix A-E 735-775p.; Glossary 776-790p.;Index 797-820p.
520 ## - SUMMARY, ETC.
Summary, etc. Building on the extraordinary success of five best-selling editions, Bill Callister's new Sixth Edition of Materials Science and Engineering: An Introduction continues to promote student understanding through clear and concise writing and familiar terminology that is not beyond student comprehension. Topics are organized and explained in an approachable manner, so that even instructors who do not have a strong materials background can teach from this user-friendly text. · Atomic Structure and Inter-atomic Bonding · The Structure of Crystalline Solids · Imperfections in Solids · Diffusion · Mechanical Properties of Metals · Dislocations and Strengthening Mechanisms · Failure · Phase Diagrams · Phase Transformations in Metals: Development of Microstructure and Alteration of Mechanical Properties · Thermal Processing of Metal Alloys · Metals Alloys · Structures and Properties of Ceramics · Applications and Processing of Ceramics · Polymer Structures · Characteristics, Applications, and Processing of Polymers · Composites · Corrosion and Degradation of Materials · Electrical Properties · Thermal Properties · Magnetic Properties · Optical Properties · Materials Selection and Design Considerations · Economic, Environmental, and Societal Issues in Materials Science and Engineering
650 ## - SUBJECT ADDED ENTRY--TOPICAL TERM
Topical term or geographic name entry element Material science
9 (RLIN) 817655
650 ## - SUBJECT ADDED ENTRY--TOPICAL TERM
Topical term or geographic name entry element Physics
942 ## - ADDED ENTRY ELEMENTS (KOHA)
Classification part C211 P3
Koha item type Textual
Source of classification or shelving scheme Colon Classification (CC)
Suppress in OPAC No
Holdings
Withdrawn status Lost status Source of classification or shelving scheme Damaged status Not for loan Home library Current library Date acquired Source of acquisition Total Checkouts Full call number Barcode Date last seen Price effective from Koha item type
    Colon Classification (CC)     Central Science Library Central Science Library 2022-09-12 201/2006-07, 05/01/2007, Educational Book Agency (India)   C211 P3 SL1378963 2022-09-12 2022-09-12 Textual
Copyright @ Delhi University Library System